[Event "Lidums Open 2005"]
[Site "?"]
[Date "2005.01.02"]
[Round "5.14"]
[White "Pecori Ascaro"]
[Black "Hardegen Andrew"]
[Result "1/2-1/2"]
[WhiteElo "2046"]
[BlackElo "1820"]
[PlyCount "132"]
[EventDate "2005.??.??"]
[Source "www.chesslib.no"]
[SourceDate "2004.05.04"]

1. e4 e6 2. d4 d5 3. Nc3 Nf6 4. Bg5 Be7 5. Bxf6 Bxf6 6. Nf3 c5 7. exd5 exd5 8. Bb5+ Nc6 9. Qe2+ Kf8 10. Bxc6 bxc6 11. dxc5 Qa5 12. Qe3 Ba6 13. O-O-O Re8 14. Qd2 g6 15. Rhe1 Kg7 16. Re3 Qxc5 17. Rde1 Rxe3 18. fxe3 Re8 19. Na4 Qb5 20. b3 Re4 21. Nd4 Bxd4 22. exd4 Rxe1+ 23. Qxe1 Qf1 24. Qxf1 Bxf1 25. g3 f5 26. Kd2 Kf6 27. Ke3 g5 28. Nc5 Bg2 29. Na6 Ke6 30. c3 Kd6 31. Nc5 Be4 32. c4 h6 33. h4 Bb1 34. a3 dxc4 35. bxc4 Ba2 36. Kd3 Ke7 37. hxg5 hxg5 38. Na4 Kd6 39. Nc3 Bb3 40. Ne2 Bd1 41. Nc3 Bb3 42. Nb1 Bd1 43. Nd2 Bh5 44. Nf1 Bg6 45. Ke3 Bf7 46. Nd2 Be6 47. Kd3 Bg8 48. Nf3 g4 49. Nd2 Bf7 50. Ke3 Ke7 51. Kf4 Kf6 52. c5 Ba2 53. Nf1 Bc4 54. Ne3 Be6 55. Nc2 a5 56. Ne3 a4 57. Nd1 Bb3 58. Nc3 Bc2 59. d5 cxd5 60. Nxd5+ Ke6 61. c6 Be4 62. c7 Kd7 63. Nf6+ Kxc7 64. Nxe4 fxe4 65. Kxe4 Kc6 66. Kd4 Kd6 1/2-1/2